000 00207nam a22000977a 4500
999 _c15965
_d15965
003 OSt
008 191024b ||||| |||| 00| 0 eng d
100 _aGovindan ,Kutty.
_94435
245 _aNarthaki
942 _cBK